Top 10 des animaux les plus forts du monde - Statistiques

Statistiques générales
  • Ce quiz a été pris 559 fois
  • Le résultat moyen est 3 sur 10
Statistiques - réponses
Top Animaux % Correct
1 Éléphant
80%
4 Tigre
73%
2 Gorille
60%
5 Ours Grizzly
57%
7 Aigle
18%
6 Anaconda
11%
3 Boeuf
10%
10 Scarabée bousier
6%
9 Scarabée rhinocéros
6%
8 Fourmi coupe-feuille
2%
Aucun quiz correspondant
Distribution des résultats
% des personnes avec chaque résultat
Percentile par nombre de réponses
Votre historique - résultats
Vous n’avez pas pris ce quiz